Statistics for Eurovision - Iceland given 12 points

Click here to take the quiz!

General Stats

  • This quiz has been taken 108 times
  • The average score is 35 of 38

Answer Stats

HintAnswer% Correct
1999 | 2000 | 2001 | +6 othersDenmark
100%
1986 | 1991 | 2012 FinalSweden
100%
1993United Kingdom
99%
1995 | 2003 | 2005 Final | +3 othersNorway
99%
2006 Final | 2006 Semifinal | 2007 Final | +2 othersFinland
98%
1994Ireland
97%
1987Germany
95%
2014 Final | 2014 SemifinalThe Netherlands
93%
1990France
83%
2010 SemifinalBelgium
81%
1992Switzerland
80%
1996Estonia
77%
2004 FinalUkraine
76%
1989 | 1997 | 2012 SemifinalCyprus
65%
1988Yugoslavia
62%
2007 SemifinalHungary
61%

Score Distribution

Percentile by Number Answered

Percent of People with Each Score

Your Score History

You have not taken this quiz